Giáo trình Kỹ thuật khai thác thủy sản B

সংরক্ষণ করুন:
গ্রন্থ-পঞ্জীর বিবরন
প্রধান লেখক: Hà, Phước Hùng
বিন্যাস: গ্রন্থ
প্রকাশিত: Cần Thơ 2006
বিষয়গুলি:
ট্যাগগুলো: ট্যাগ যুক্ত করুন
কোনো ট্যাগ নেই, প্রথমজন হিসাবে ট্যাগ করুন!
Thư viện lưu trữ: Trung tâm Học liệu Lê Vũ Hùng, Trường Đại học Đồng Tháp
LEADER 00741pam a22002418a 4500
001 00039498
005 20171026081025.0
008 170519s2006 ||||||Viesd
041 0 # |a Vie 
082 1 4 |a 639.8  |b GI108TR 
100 1 # |a Hà, Phước Hùng 
245 1 0 |a Giáo trình Kỹ thuật khai thác thủy sản B  |c Hà Phước Hùng 
260 # # |a Cần Thơ  |c 2006 
300 # # |a 73 tr.  |b 2006 
653 # # |a Khai thác 
653 # # |a thủy sản 
653 # # |a kĩ thuật 
852 # # |b Kho mượn  |j KGT.0052714 
852 # # |b Kho đọc  |j KD.0020984 
852 # # |j KD.0020984  |j KGT.0052714 
910 |d 19/05/2017 
980 # # |a Trung tâm Học liệu Lê Vũ Hùng, Trường Đại học Đồng Tháp